Sports Quiz

Random Sports Quiz
Score 0/20 Timer 05:00
0 Plays Today
Carrière Joueur % Correct
Montpellier ° Kiel ° Montpellier ° Aix ° Barcelone ° ParisNikola Karabatic
98.9%
Ivry ° Ciudad Real ° ParisLuc Abalo
48.9%
Paris ° Nantes ° AixNicolas Claire
47.6%
Montpellier ° Leon ° Saint-RaphaëlAdrien Dipanda
38.5%
Sélestat ° Barcelone ° Aix ° MontpellierYanis Lenne
36.6%
Chambéry ° MontpellierMelvyn Richardson
32.7%
Montpellier ° Paris ° Tremblay ° AixSamuel Honrubia
28%
Sélestat ° Villefranche ° Munster ° Balingen ° Nantes ° Toulouse ° NantesRock Feliho
22.3%
Skjern ° Ribe-Esbjerg ° Ivry ° ChartresMorten Vium
18.9%
Tchekhov ° DunkerqueOleg Grams
16.2%
Carrière Joueur % Correct
Montpellier ° Tremblay ° Nîmes Rémi Salou
13.4%
Porto ° Nantes ° Cesson-Rennes ° Dunkerque ° IvryWilson Davyes
13.4%
Saint-Raphaël ° Dunkerque ° Saint-RaphaëlAlexandre Demaille
11.4%
Saint-Raphaël ° Besançon ° Chartres ° CréteilRobin Molinié
11%
Ivry ° Tremblay ° Billère ° IstresGuillaume Crépain
10.8%
Hasselt ° Saran ° Cesson-Rennes ° ToulouseJef Lettens
10.8%
Créteil ° ChambéryBenjamin Richert
10.6%
Carpi - Angers - Strasbourg - IstresAndrea Parisini
9.4%
Hasselt ° Cesson-Rennes ° Sélestat ° IvrySimon Ooms
8.5%
Zagreb ° TremblayLuka Sebetic
6.8%
Come Together.
Have Fun.
All Virtual.
We all need to come together. Play Sporcle's virtual live trivia to have fun, connect with people, and get your trivia on. Join a live hosted trivia game for your favorite pub trivia experience done virtually. If a virtual private party is more your thing, go here for details.

You're not logged in!

Compare scores with friends on all Sporcle quizzes.
OR
Log In

Sporcle TV

Today on Sporcle TV


Watch our educational content, quiz creation guides, and fun videos on Sporcle TV.

You Might Also Like...

Show Comments

Extras

Top Quizzes Today


Score Distribution

Paid Content

Your Account Isn't Verified!

In order to create a playlist on Sporcle, you need to verify the email address you used during registration. Go to your Sporcle Settings to finish the process.

Report this User

Report this user for behavior that violates our Community Guidelines.

Details: